<?xml version="1.0" encoding="UTF-8"?>
<collection xmlns:xsi="http://www.w3.org/2001/XMLSchema-instance" xsi:schemaLocation="http://www.loc.gov/MARC21/slim http://www.loc.gov/standards/marcxml/schema/MARC21slim.xsd" xmlns="http://www.loc.gov/MARC21/slim">
 <record>
  <leader>00000nam a2200000 i 4500</leader>
  <controlfield tag="001">UP-8027390931311454314</controlfield>
  <controlfield tag="003">Buklod</controlfield>
  <controlfield tag="005">20250131113333.0</controlfield>
  <controlfield tag="006">m    |o  d |      </controlfield>
  <controlfield tag="007">cr |||||||||||</controlfield>
  <controlfield tag="008">250131s2023    nyu   agr   b|001 0|eng d</controlfield>
  <datafield tag="020" ind1=" " ind2=" ">
   <subfield code="a">9781462551699 (hardcover)</subfield>
  </datafield>
  <datafield tag="035" ind1=" " ind2=" ">
   <subfield code="a">22966443</subfield>
  </datafield>
  <datafield tag="037" ind1=" " ind2=" ">
   <subfield code="a">SS-12725</subfield>
   <subfield code="b">LIBRI</subfield>
   <subfield code="c">Php9,180.00</subfield>
   <subfield code="n">Department of Psychology</subfield>
  </datafield>
  <datafield tag="040" ind1=" " ind2=" ">
   <subfield code="a">DLC</subfield>
   <subfield code="d">DMLS</subfield>
   <subfield code="e">rda</subfield>
  </datafield>
  <datafield tag="041" ind1=" " ind2=" ">
   <subfield code="a">eng</subfield>
  </datafield>
  <datafield tag="042" ind1=" " ind2=" ">
   <subfield code="a">DMLUC</subfield>
  </datafield>
  <datafield tag="090" ind1=" " ind2=" ">
   <subfield code="a">QP 82.2 S8</subfield>
   <subfield code="b">M33 2023</subfield>
  </datafield>
  <datafield tag="100" ind1="1" ind2=" ">
   <subfield code="a">McCarty, Richard</subfield>
   <subfield code="d">1947-</subfield>
   <subfield code="e">author.</subfield>
  </datafield>
  <datafield tag="245" ind1="1" ind2="0">
   <subfield code="a">Stress, health, and behavior</subfield>
   <subfield code="c">Richard McCarty.</subfield>
  </datafield>
  <datafield tag="264" ind1=" " ind2="1">
   <subfield code="a">New York</subfield>
   <subfield code="b">The Guilford Press</subfield>
   <subfield code="c">2023.</subfield>
  </datafield>
  <datafield tag="300" ind1=" " ind2=" ">
   <subfield code="a">xii, 339 pages</subfield>
   <subfield code="b">illustrations</subfield>
   <subfield code="c">26 cm.</subfield>
  </datafield>
  <datafield tag="336" ind1=" " ind2=" ">
   <subfield code="a">text</subfield>
   <subfield code="2">rdacontent</subfield>
  </datafield>
  <datafield tag="337" ind1=" " ind2=" ">
   <subfield code="a">unmediated</subfield>
   <subfield code="2">rdamedia</subfield>
  </datafield>
  <datafield tag="338" ind1=" " ind2=" ">
   <subfield code="a">volume</subfield>
   <subfield code="2">rdacarrier</subfield>
  </datafield>
  <datafield tag="504" ind1=" " ind2=" ">
   <subfield code="a">Includes bibliographical references (pages 291-327) and index.</subfield>
  </datafield>
  <datafield tag="505" ind1="0" ind2=" ">
   <subfield code="a">Historical aspects of the stress field -- Biological measures of stress -- Behavioral measures of stress -- Stress and alcohol use -- Posttraumatic stress disorder -- Stress and depression -- Stress and cardiovascular disease -- Stress and diabetes -- Stress and the gastrointestinal system -- Stress and cancer -- Stress and infectious diseases -- Systemic racism as a stressor -- Resilience.</subfield>
  </datafield>
  <datafield tag="520" ind1=" " ind2=" ">
   <subfield code="a">&quot;Exposure to stressful life experiences can disrupt key regulatory systems in the body and contribute to a variety of negative health outcomes. This authoritative text takes a biopsychosocial approach to understanding the role of stress in alcohol use disorder, posttraumatic stress disorder, depression, cardiovascular disease, Type 2 diabetes, cancer, and other chronic diseases. It presents cutting-edge knowledge about how stressors are conceptualized and measured; connections to disease processes; systemic racism as a significant, ongoing stressor for people of color; and factors that promote resilience. For each of the disorders discussed, proven and promising stress-targeted clinical interventions are reviewed. Student-friendly features include an end-of-book glossary and an extensive bibliography to facilitate in-depth study of selected topics of interest. &quot;-- Provided by publisher.</subfield>
  </datafield>
  <datafield tag="520" ind1=" " ind2=" ">
   <subfield code="a">&quot;This authoritative text takes a biopsychosocial approach to understanding the role of stress in alcohol use disorder, posttraumatic stress disorder, depression, cardiovascular disease, Type 2 diabetes, cancer, and other chronic diseases. It presents cutting-edge knowledge about how stressors are conceptualized and measured; connections to disease processes; systemic racism as a significant, ongoing stressor; and factors that promote resilience. For each of the disorders discussed, proven and promising stress-targeted clinical interventions are reviewed. Student-friendly features include an end-of-book glossary and an extensive bibliography to facilitate in-depth study of topics of interest&quot;-- Provided by publisher.</subfield>
  </datafield>
  <datafield tag="650" ind1=" " ind2="0">
   <subfield code="a">Psychophysiology.</subfield>
  </datafield>
  <datafield tag="650" ind1=" " ind2="0">
   <subfield code="a">Social psychology.</subfield>
  </datafield>
  <datafield tag="650" ind1=" " ind2="0">
   <subfield code="a">Stress (Physiology)</subfield>
  </datafield>
  <datafield tag="650" ind1=" " ind2="0">
   <subfield code="a">Stress (Psychology)</subfield>
  </datafield>
  <datafield tag="905" ind1=" " ind2=" ">
   <subfield code="a">FO</subfield>
  </datafield>
  <datafield tag="852" ind1="0" ind2=" ">
   <subfield code="a">UPD</subfield>
   <subfield code="b">DMLS</subfield>
   <subfield code="h">QP 82.2 S8</subfield>
   <subfield code="i">M33 2023</subfield>
  </datafield>
  <datafield tag="942" ind1=" " ind2=" ">
   <subfield code="a">Book</subfield>
  </datafield>
 </record>
</collection>
